Les 20 plus grandes villes d'Île de France - Statistiques

Statistiques générales
  • Ce quiz a été pris 179 fois
  • Le résultat moyen est 10 sur 20
Statistiques - réponses
Hint Réponse % Correct
2113705 Paris
98%
115237 Saint-Denis
87%
98119 Nanterre
72%
120205 Boulogne-Billancourt
67%
92859 Créteil
67%
83918 Versailles
67%
107135 Argenteuil
61%
110758 Montreuil
57%
89489 Aubervilliers
55%
69578 Cergy
54%
95282 Vitry-sur-Seine
42%
86360 Aulnay-sous-Bois
40%
91457 Asnières-sur-Seine
38%
81945 Courbevoie
37%
90692 Colombes
34%
71312 Drancy
27%
76010 Saint-Maur-des-Fossés
26%
71632 Noisy-le-Grand
25%
80842 Rueil-Malmaison
18%
78367 Champigny-sur-Marne
11%
Aucun quiz correspondant
Distribution des résultats
% des personnes avec chaque résultat
Percentile par nombre de réponses
Votre historique - résultats
Vous n’avez pas pris ce quiz